000
00355nam a2200133Ia 4500
008
231129s9999||||xx |||||||||||||| ||spa||
020
_a
978-958-45-0517-0
040
_b
spa
082
_a
853 B472m
100
_a
Benni Stefano
245
0
_a
Margarita Dolcevita
264
_a
Bogotá Colombia : Norma
942
_2
ddc
_c
BKS
999
_c
20646
_d
20646